Statistics for German cities town hall

Click here to take the quiz!

General Stats

  • This quiz has been taken 9 times
  • The average score is 7 of 10

Answer Stats

Answer% Correct
Berlin
100%
Hamburg
100%
München
89%
Bremen
78%
Frankfurt am Main
78%
Hannover
56%
Lübeck
56%
Köln
44%
Stuttgart
44%
Augsburg
33%

Score Distribution

Percentile by Number Answered

Percent of People with Each Score

Your Score History

You have not taken this quiz